000 01120nam a22003497a 4500
003 CHAP
005 20220329134757.0
008 971013s1986 r 00010 d
010 _a25725
011 _a26697
035 _a30798
040 _cCHAP
090 _aFolleto 11744
110 _aInstituto Superior de Ciencias Agropecuarias de la Habana
_959441
245 _aEstudios sobre agronomía
260 _aLa Habana :
_bEl Instituto,
_c1986
300 _a111 p
590 _aBATCH-UPD
_b10
_c20130109
_lUCH01
_h2329
590 _aBATCH-UPD
_b10
_c20130110
_lUCH01
_h0219
590 _aBATCH-UPD
_b10
_c20130110
_lUCH01
_h2026
590 _aBATCH-UPD
_b10
_c20130410
_lUCH01
_h1344
590 _aBATCH-UPD
_b10
_c20130914
_lUCH01
_h0408
590 _aCONVERSION
_b10
_c20130109
_lUCH01
_h1315
650 1 4 _aArroz
_xRendimiento.
_97651
650 1 4 _aArroz
_xVariedades.
_97668
650 1 4 _aCaña de azúcar
_xCuba.
_918593
650 1 4 _aIndustria azucarera
_xCuba.
_957784
650 1 4 _aPolítica azucarera
_xCuba.
_990444
901 _aBK
942 _cFOLL
949 _aFolleto 11744
_bBC
_cFOLL
_d-71279
_eTS1
_i30798
_mD
_si
999 _c25725
_d25725